Alle Landkreise in Niedersachsen - Statistics

General Stats
  • This quiz has been taken 16 times
  • The average score is 18 of 37
Answer Stats
Answer % Correct
Hannover
93%
Göttingen
87%
Oldenburg
87%
Hildesheim
80%
Lüneburg
80%
Celle
73%
Cuxhaven
73%
Osnabrück
73%
Aurich
67%
Nienburg
60%
Emsland
53%
Goslar
53%
Stade
53%
Friesland
47%
Harburg
47%
Leer
47%
Northeim
47%
Vechta
47%
Verden
47%
Wolfenbüttel
47%
Ammerland
40%
Diepholz
40%
Gifhorn
40%
Heidekreis
40%
Helmstedt
40%
Osterholz
40%
Uelzen
40%
Cloppenburg
33%
Peine
33%
Rotenburg (Wümme)
33%
Wesermarsch
33%
Grafschaft Bentheim
27%
Hameln - Pyrmont
27%
Holzminden
27%
Lüchow-Dannenberg
27%
Schaumburg
27%
Wittmund
27%
No matching quizzes found
Score Distribution
Percent of People with Each Score
Percentile by Number Answered
Your Score History
You have not taken this quiz